00973nam a2200301Ia 4500001000800000003000500008005001700013008004100030010001100071020002200082040000900104082002100113245012100134260007900255300001000334440003100344503000700375504002900382650003300411650003600444650003300480650002700513650001900540650001900559650002600578650003100604700003600635dia_328CHAP20221213124505.0220117s2011 xx 000 0 und d a170881 a978-607-425-667-3 cCHAP a631.521 B36 2011 aBancos comunitarios de semillas para conservar in situ la diversidad vegetal /c Flavio Aragón Cuevas ...[et al.] aMéxico :b INIFAP. Campo experimental Valles Centrales de Oaxaca,c2011 a79 p. aPublicación especial ; 9 aD. aBibliografía: p. 29-30 aAlmacenamiento de semillas  aBiodiversidadxPreservación  aBiodiversityxPreservation  aBotánicaxMéxico  aBotanyxMexico aSeed storage  aSeedsxPreservation  aSemillasxPreservación  aAragón Cuevas, Flavio, coaut.